000 01339cam a2200325 a 4500
001 4787176
003 OSt
005 20160418152523.0
008 870831s1987 enka b 000 0 eng
010 _a 87026362
020 _a0521658624
040 _aDLC
_cDLC
_dDLC
050 0 0 _aQC793.28
_b.F49 1987
082 0 0 _a530.1
_219
_bFEY 1986
100 1 _aFeynman, Richard P.
_q(Richard Phillips),
_d1918-1988.
_98005
245 1 0 _aElementary particles and the laws of physics :
_bthe 1986 Dirac memorial lectures /
_cRichard P. Feynman and Steven Weinberg ; lecture notes compiled by Richard MacKenzie and Paul Doust.
260 _aCambridge ;
_aNew York :
_bCambridge University Press,
_c1987.
300 _ax, 110 p. :
_bill. ;
_c20 cm.
504 _aIncludes bibliographical references.
600 1 0 _aDirac, P. A. M.
_q(Paul Adrien Maurice),
_d1902-1984.
_98006
650 0 _aParticles (Nuclear physics)
_93587
650 0 _aQuantum theory.
_94791
650 0 _aRelativity (Physics)
_98007
700 1 _aWeinberg, Steven,
_d1933-
_98008
740 0 _aDirac memorial lectures.
856 4 1 _3Table of contents
_uhttp://www.loc.gov/catdir/toc/cam023/87026362.html
856 4 2 _3Publisher description
_uhttp://www.loc.gov/catdir/description/cam023/87026362.html
906 _a7
_bcbc
_corignew
_d1
_eocip
_f19
_gy-gencatlg
942 _2ddc
_cSLOAN
999 _c3584
_d3584